Southville International School and Colleges
Your cart is empty.
  • Cart
  • Lists
    Public lists Eva Luna New books Lux_list list_1
    Your lists Log in to create your own lists
  • Log in to your account
  • Your cookies
  • Search history
Southville International School and Colleges
  • Advanced search
  • Recent comments
  • Most popular
  • Libraries

Log in to your account

Log in with GOOGLE


If you do not have an external account, but do have a local account, you can still log in:

  1. Home
  2. MARC view: Little women /
Normal view MARC view ISBD view

Little women / (Record no. 20907)

[ view plain ]
MARC details
000 -LEADER
fixed length control field 00484nam a2200181 a 4500
005 - DATE AND TIME OF LATEST TRANSACTION
control field 20140310183258.0
008 - FIXED-LENGTH DATA ELEMENTS--GENERAL INFORMATION
fixed length control field 000527s19uu xx 00 eng d
020 ## - INTERNATIONAL STANDARD BOOK NUMBER
International Standard Book Number 0812523334
050 ## - LIBRARY OF CONGRESS CALL NUMBER
Classification number PS 1017
Item number .Al355 1994
100 ## - MAIN ENTRY--PERSONAL NAME
Personal name Alcott, Luisa May
245 ## - TITLE STATEMENT
Title Little women /
Statement of responsibility, etc Luisa May Alcott.
260 ## - PUBLICATION, DISTRIBUTION, ETC. (IMPRINT)
Place of publication, distribution, etc New York :
Name of publisher, distributor, etc A Tom Doherty Associates book,
Date of publication, distribution, etc 1994.
300 ## - PHYSICAL DESCRIPTION
Extent 459 p. :
Dimensions 18 cm
650 ## - SUBJECT ADDED ENTRY--TOPICAL TERM
Topical term or geographic name as entry element Family
650 ## - SUBJECT ADDED ENTRY--TOPICAL TERM
Topical term or geographic name as entry element Sisters
General subdivision Title
942 ## - ADDED ENTRY ELEMENTS (KOHA)
Koha item type Books
Source of classification or shelving scheme Library of Congress Classification
Holdings
Withdrawn status Lost status Source of classification or shelving scheme Damaged status Home library Current library Shelving location Date acquired Total Checkouts Total Renewals Full call number Barcode Date last seen Date checked out Copy number Price effective from Koha item type
    Library of Congress Classification   College Library College Library Fiction Section 05/27/2000 2 2 PS 1017 .Al355 1994 C5654 05/27/2024 05/03/2024 1 10/10/2013 Books

Little women /

APA

Alcott L. M., . (1994). Little women. New York: A Tom Doherty Associates book.

Chicago

Alcott Luisa May, . 1994. Little women. New York: A Tom Doherty Associates book.

Harvard

Alcott L. M., . (1994). Little women. New York: A Tom Doherty Associates book.

MLA

Alcott Luisa May, . Little women. New York: A Tom Doherty Associates book. 1994.

  • Place hold
  • Print
  • Cite
  • Add to your cart (remove)
  • Save record
    BIBTEX Dublin Core MARCXML MARC (non-Unicode/MARC-8) MARC (Unicode/UTF-8) MARC (Unicode/UTF-8, Standard) MODS (XML) RIS
  • More searches
    Search for this title in:
    Other Libraries (WorldCat) Other Databases (Google Scholar) Online Stores (Bookfinder.com) Open Library (openlibrary.org)

Exporting to Dublin Core...

SOUTHVILLE LIBRARY

Southville International School and Colleges Library

1281 Tropical Ave. Cor. Luxembourg St., BF Homes International, Las Pinas City

Tel. No. 8256374 / 252358 Loc. 117/146

Powered by Koha